Countries That Speak Spanish - Statistics

General Stats
  • This quiz has been taken 35 times
  • The average score is 18 of 20
Answers on the Map
Answers color-coded by a green-red scale on the quiz's map according to % correct below.
 
Answer Stats
Answer % Correct
Argentina
100%
Chile
100%
Mexico
100%
Spain
100%
Peru
96%
Uruguay
96%
Bolivia
93%
Cuba
93%
Dominican Republic
93%
Ecuador
93%
Equatorial Guinea
93%
Panama
93%
Venezuela
93%
Colombia
89%
Paraguay
89%
Costa Rica
81%
El Salvador
81%
Guatemala
81%
Honduras
81%
Nicaragua
78%
No matching quizzes found
Score Distribution
Percent of People with Each Score
Percentile by Number Answered
Your Score History
You have not taken this quiz